North africa history quiz - Statistics

General Stats
  • This quiz has been taken 146 times
  • The average score is 4 of 5
Answers on the Map
Answers color-coded by a green-red scale on the quiz's map according to % correct below.
 
Answer Stats
Answer % Correct
egypt
100%
morocco
95%
algeria
84%
libya
84%
tunisia
84%
No matching quizzes found
Score Distribution
Percent of People with Each Score
Percentile by Number Answered
Your Score History
You have not taken this quiz